Rangeland Ecology & Management (Record no. 6330)

MARC details
000 -LEADER
fixed length control field 00544nam a22001937a 4500
003 - CONTROL NUMBER IDENTIFIER
control field OSt
005 - DATE AND TIME OF LATEST TRANSACTION
control field 20190919112019.0
008 - FIXED-LENGTH DATA ELEMENTS--GENERAL INFORMATION
fixed length control field 190919b ||||| |||| 00| 0 eng d
020 ## - INTERNATIONAL STANDARD BOOK NUMBER
International Standard Book Number 0813337992
040 ## - CATALOGING SOURCE
Transcribing agency DDC
082 ## - DEWEY DECIMAL CLASSIFICATION NUMBER
Classification number 591.7 HEA 1994
100 ## - MAIN ENTRY--PERSONAL NAME
Personal name Heady, Harold F.; Child Dennis R.
9 (RLIN) 12955
245 ## - TITLE STATEMENT
Title Rangeland Ecology & Management
260 ## - PUBLICATION, DISTRIBUTION, ETC. (IMPRINT)
Place of publication, distribution, etc. Boulder;
Name of publisher, distributor, etc. Westview press,
Date of publication, distribution, etc. 1994
300 ## - PHYSICAL DESCRIPTION
Extent xvi,519p;
Other physical details ill:
Dimensions 23cm
504 ## - BIBLIOGRAPHY, ETC. NOTE
Bibliography, etc References, Appendices, & index included
650 ## - SUBJECT ADDED ENTRY--TOPICAL TERM
Topical term or geographic name as entry element Ecology management
9 (RLIN) 12956
942 ## - ADDED ENTRY ELEMENTS (KOHA)
Source of classification or shelving scheme Other/Generic Classification Scheme
Koha item type Book Bank
Holdings
Withdrawn status Lost status Source of classification or shelving scheme Damaged status Not for loan Home library Current library Date acquired Source of acquisition Inventory number Total Checkouts Full call number Barcode Date last seen Koha item type
    Dewey Decimal Classification     MUST Main Library MUST Main Library 19/09/2019 Purchase 19/40882   591.7 HEA 1994 2019-0466 19/09/2019 Open Shelf
    Dewey Decimal Classification     MUST Main Library MUST Main Library 19/09/2019 Purchase 19/40883   591.7 HEA 1994 2019-0467 19/09/2019 Open Shelf
    Dewey Decimal Classification     MUST Main Library MUST Main Library 19/09/2019 Purchase 19/40884   591.7 HEA 1994 2019-0468 19/09/2019 Open Shelf
    Dewey Decimal Classification     MUST Main Library MUST Main Library 19/09/2019 Purchase 19/40885   591.7 HEA 1994 2019-0469 19/09/2019 Open Shelf
    Dewey Decimal Classification     MUST Main Library MUST Main Library 02/04/2026 Purchase 26/42559   591.7 HEA 1994 2026-0087 02/04/2026 Open Shelf
    Dewey Decimal Classification     MUST Main Library MUST Main Library 02/04/2026 Purchase 26/42560   591.7 HEA 1994 2026-0088 02/04/2026 Open Shelf
    Dewey Decimal Classification     MUST Main Library MUST Main Library 02/04/2026 Purchase 26/42561   591.7 HEA 1994 2026-0089 02/04/2026 Open Shelf